Prescott / (Record no. 136)

MARC details
000 -LEADER
fixed length control field 00971cam a2200289 a 4500
005 - DATE AND TIME OF LATEST TRANSACTION
control field 20260322212007.0
008 - FIXED-LENGTH DATA ELEMENTS--GENERAL INFORMATION
fixed length control field data
010 ## - LIBRARY OF CONGRESS CONTROL NUMBER
LC control number 2006926130
020 ## - INTERNATIONAL STANDARD BOOK NUMBER
International Standard Book Number 0738548588 (pbk.)
020 ## - INTERNATIONAL STANDARD BOOK NUMBER
International Standard Book Number 9780738548586 (pbk.)
040 ## - CATALOGING SOURCE
Original cataloging agency DLC
Transcribing agency DLC
Modifying agency DLC
043 ## - GEOGRAPHIC AREA CODE
Geographic area code n-us-az
050 00 - LIBRARY OF CONGRESS CALL NUMBER
Classification number F819.P9
Item number W55 2006
082 00 - DEWEY DECIMAL CLASSIFICATION NUMBER
Classification number 979.1/57
Edition information 22
092 ## - LOCALLY ASSIGNED DEWEY CALL NUMBER (OCLC)
Classification number 979.1 W55 2006
001 - CONTROL NUMBER
control field data
100 1# - MAIN ENTRY--PERSONAL NAME
Personal name Wildfang, Frederic B.
245 10 - TITLE STATEMENT
Title Prescott /
Statement of responsibility, etc. Frederic B. Wildfang & Sharlot Hall Museum (Prescott, Ariz.).
260 ## - PUBLICATION, DISTRIBUTION, ETC.
Place of publication, distribution, etc. Charleston, SC :
Name of publisher, distributor, etc. Arcadia Pub.,
Date of publication, distribution, etc. c2006.
300 ## - PHYSICAL DESCRIPTION
Extent 127 p. :
Other physical details chiefly ill., maps ;
Dimensions 24 cm.
490 0# - SERIES STATEMENT
Series statement Images of America
650 #0 - SUBJECT ADDED ENTRY--TOPICAL TERM
Topical term or geographic name entry element Historic buildings
Geographic subdivision Prescott
-- Prescott
Form subdivision Pictorial works.
651 #0 - SUBJECT ADDED ENTRY--GEOGRAPHIC NAME
Geographic name Prescott (Ariz.)
General subdivision History
Form subdivision Pictorial works.
651 #0 - SUBJECT ADDED ENTRY--GEOGRAPHIC NAME
Geographic name Prescott (Ariz.)
Form subdivision Pictorial works.
-- Pictorial works.
651 #0 - SUBJECT ADDED ENTRY--GEOGRAPHIC NAME
Geographic name Prescott (Ariz.)
General subdivision Buildings, structures, etc.
Form subdivision Pictorial works.
710 2# - ADDED ENTRY--CORPORATE NAME
Corporate name or jurisdiction name as entry element Sharlot Hall Museum (Prescott, Ariz.)
Holdings
Withdrawn status Lost status Damaged status Not for loan Home library Current library Shelving location Date acquired Total checkouts Full call number Barcode Date last seen Price effective from Koha item type
        Pleasant Valley Pleasant Valley General stacks 22/03/2026   979.1/57 22 BC0010140 22/03/2026 22/03/2026 Books